Urban Water Management French Experience Aound the World (Record no. 529012)

000 -LEADER
fixed length control field 00322nam a22001337a 4500
003 - CONTROL NUMBER IDENTIFIER
control field NUST
038 ## - RECORD CONTENT LICENSOR
Staff Name MSOHAIL
082 ## - DEWEY DECIMAL CLASSIFICATION NUMBER
Classification number 0
100 ## - MAIN ENTRY--PERSONAL NAME
Personal name Dominique Lorrain
9 (RLIN) 20876
245 ## - TITLE STATEMENT
Title Urban Water Management French Experience Aound the World
260 ## - PUBLICATION, DISTRIBUTION, ETC.
Place of publication, distribution, etc. France
Name of publisher, distributor, etc. Hydrocom
Date of publication, distribution, etc. 1997
300 ## - PHYSICAL DESCRIPTION
Extent 290,p;
Dimensions 25cm
942 ## - ADDED ENTRY ELEMENTS (KOHA)
Source of classification or shelving scheme
Koha item type Book
Holdings
Withdrawn status Lost status Source of classification or shelving scheme Damaged status Not for loan Permanent Location Current Location Date acquired Total Checkouts Barcode Date last seen Price effective from Koha item type
          School of Civil and Environmental Engineering (SCEE) School of Civil and Environmental Engineering (SCEE) 09/18/2019   NIT-10642 09/18/2019 09/18/2019 Book
© 2023 Central Library, National University of Sciences and Technology. All Rights Reserved.